Química 10°: un enfoque practico (Registro nro. 4736)
[ vista simple ]
| 000 -Cabecera | |
|---|---|
| Campo de control de longitud fija | 00939aam a2200361 4500 |
| 005 - Fecha y hora de la última transacción | |
| Campo de control | 20240426161729.0 |
| 008 - Elementos de longitud fija--Información general | |
| Campo de control de longitud fija | 150416b2000 xxu||||| |||| 00| 0 spa d |
| 020 ## - International Standard Book Number | |
| Número Internacional Estándar del Libro (ISBN) | 9789968955348 |
| 041 ## - Idioma | |
| Código de idioma | Español |
| 082 ## - Clasificación Decimal Dewey | |
| Número de clasificación | 540.7 N322q |
| 100 ## - Entrada principal--Autor personal | |
| Nombre personal | Navas, María del Socorro |
| 9 (RLIN) | 34040 |
| 100 ## - Entrada principal--Autor personal | |
| Nombre personal | Valverde, Marianella |
| 9 (RLIN) | 34041 |
| 245 ## - Título propiamente dicho | |
| Título | Química 10°: un enfoque practico |
| 250 ## - Edición | |
| Mención de edición | 4 edición |
| 260 ## - Pie de imprenta | |
| Lugar de publicación, distribución, etc. | Costa Rica |
| 260 ## - Pie de imprenta | |
| Nombre del editor, distribuidor, etc. | Didáctica Multimedia |
| 260 ## - Pie de imprenta | |
| Fecha de publicación, distribución, etc. | 2000 |
| 300 ## - Descripción física | |
| Extensión | 386 páginas |
| 650 ## - Materia general | |
| Temática (materia general) | QUÍMICA |
| 650 ## - Materia general | |
| Temática (materia general) | EDUCACIÓN SECUNDARIA |
| 650 ## - Materia general | |
| Temática (materia general) | ENSENAÑZA |
| 650 ## - Materia general | |
| Temática (materia general) | MATERIA |
| 650 ## - Materia general | |
| Temática (materia general) | ELEMENTOS QUÍMICOS |
| 650 ## - Materia general | |
| Temática (materia general) | ÁTOMO |
| 650 ## - Materia general | |
| Temática (materia general) | MODELOS ATÓMICOS |
| 650 ## - Materia general | |
| Temática (materia general) | NÚMEROS CUÁNTICOS |
| 650 ## - Materia general | |
| Temática (materia general) | TABLA PERIÓDICA |
| 650 ## - Materia general | |
| Temática (materia general) | ENLACE COVALENTE |
| 650 ## - Materia general | |
| Temática (materia general) | NOMENCLATURA |
| 650 ## - Materia general | |
| Temática (materia general) | REACCIONES QUÍMICAS |
| 650 ## - Materia general | |
| Temática (materia general) | CÁLCULOS EN ECUACIONES |
| 942 ## - Punto de acceso adicional KOHA | |
| Tipo de ítem KOHA | Libro |
| Fuente del sistema de clasificación o colocación | Dewey Decimal Classification |
| Signatura completa | Código de barras | Tipo de ítem |
|---|---|---|
| 540.7 N322q | 13636 | Libro |
| 540.7 N322q | 13637 | Libro |
| 540.7 N322q | 13638 | Libro |
| 540.7 N322q | 13639 | Libro |
| 540.7 N322q | 13640 | Libro |
| 540.7 N322q | 13641 | Libro |
| 540.7 N322q | 13642 | Libro |
| 540.7 N322q | 13643 | Libro |
| 540.7 N322q | 13644 | Libro |
| 540.7 N322q | 13645 | Libro |
| 540.7 N322q | 13646 | Libro |
| 540.7 N322q | 13647 | Libro |
| 540.7 N322q | 13648 | Libro |
| 540.7 N322q | 13649 | Libro |
| 540.7 N322q | 13650 | Libro |
| 540.7 N322q | 13651 | Libro |
| 540.7 N322q | 13652 | Libro |
| 540.7 N322q | 13653 | Libro |
| 540.7 N322q | 13654 | Libro |
| 540.7 N322q | 13635 | Libro |